Five Largest Administrative Divisions by Country - Statistics

General Stats
  • This quiz has been taken 233 times
    221 since last reset
  • The average score is 21 of 30
Answer Stats
Province Area % Correct
California 423,968
99%
Alaska 1,723,337
98%
Texas 695,662
98%
Québec 1,542,056
94%
Queensland 1,730,648
88%
Ontario 1,076,395
87%
British Columbia 944,735
85%
Montana 380,832
85%
Nunavut 2,093,190
83%
Western Australia 2,529,875
82%
New South Wales 800,641
81%
Sicily 25,711
81%
Tibet 1,228,400
81%
Northwest Territories 1,346,106
76%
Andalusia 87,268
75%
Catalonia 32,114
75%
Sardinia 24,090
73%
Inner Mongolia 1,183,000
71%
New Mexico 314,917
71%
Northern Territory 1,349,129
71%
South Australia 983,482
69%
Xinjiang 1,660,400
66%
Lombardy 23,861
62%
Tuscany 22,994
61%
Piedmont 25,402
44%
Sichuan 485,000
44%
Extremadura 41,634
41%
Qinghai 721,200
36%
Castile and León 94,223
27%
Castile-La Mancha 79,463
27%
No matching quizzes found
Score Distribution
Percent of People with Each Score
Percentile by Number Answered
Your Score History
You have not taken this quiz since the last reset